Bestehen Sie die Grundschule? - Statistiken

Allgemein
  • Dieses Quiz wurde 278 mal gespielt
  • Das Durchschnittsergebnis liegt bei 14 aus 17
Antwortstatistiken
Fach Frage Antwort % Korrekt
Englisch Hund auf Englisch? Dog
98%
Mathe 5+13= 18
97%
Mathe 8x6= 48
97%
Mathe 121:11= 11
96%
Kunst Nenne eine der drei Hauptfarben. blau/gelb/rot
95%
Erdkunde Hauptstadt von Frankreich? Paris
95%
Erdkunde Mexiko liegt auf welchem Kontinent? Nordamerika
92%
Kunst Leonardo da Vinci‘s bekanntestes Gemälde: Mona Lisa
91%
Sachkunde Hauptstadt der USA? Washington DC
91%
Sachkunde Welches Land hat die meisten Einwohner? Indien
90%
Deutsch Ein Satz besteht aus Subjekt, _____ und Objekt. Prädikat
86%
Deutsch 4.Fall im Deutschen Akkusativ
84%
Englisch What is the second biggest country in the world? Canada
79%
Deutsch ein/e/er sind _________ Artikel. unbestimmte
73%
Musik Welche Note erhält man beim Erhöhen des Tons f? fis
69%
Musik Schreibe die klassische Tonleiter rückwärts hagfedc
47%
Englisch Name der gegenwärtigen Zeitform im Englischen? Simple present
45%
Keine übereinstimmenden Quizze gefunden
Verteilung der Resultate
Anzahl Personen mit jedem Resultat
Perzentil nach korrekt beantworteten Fragen
Ihre Resultats-Entwicklung
Sie haben dieses Quiz noch nicht gespielt